Vista normal
Vista MARC
Entrada Personal Name
Número de registros utilizados en: 1
001 - CONTROL NUMBER
- control field: 4774
003 - CONTROL NUMBER IDENTIFIER
- control field: OSt
005 - DATE AND TIME OF LATEST TRANSACTION
- control field: 20200527171920.0
008 - FIXED-LENGTH DATA ELEMENTS
- fixed length control field: 200527|| aca||aabn | a|a d
040 ## - CATALOGING SOURCE
- Original cataloging agency: OSt
- Transcribing agency: OSt
100 ## - HEADING--PERSONAL NAME
- Personal name: Bailey, Peter, ilustrador ; Riera S., Pedro, traductor ; Martí, Rosa, traductora
670 ## - SOURCE DATA FOUND
- Source citation: Work cat.: (OSt)3792: Pullman, Philip, autor 4772, El espantapájaros y su sirviente /, 2008